00430 2200169 4500001002100000005001500021035002000036007000300056008004100059082001000100084001600110100000800126245004600134260003800180856002300218990001900241INLIS00000000000000420240812103911 a0010-0824000004ta240812 0 ind  a001.3 a001.3 TIM p0 aTim1 aPetunjuk Pelaksanaan Study Islam Intensif aJakarta :bDepdikbud pusat,c1985 aRuang koleksi umum a000.1987.00007